[Event "Continental op 51st"]
[Site "Sturbridge"]
[Date "2021.08.16"]
[Round "9"]
[White "Zhou, Jianchao"]
[Black "Bartell, Thomas"]
[Result "1-0"]
[WhiteElo "2619"]
[BlackElo "2354"]
[PlyCount "41"]
[EventDate "2021.08.12"]
[EventType "swiss"]
[EventRounds "9"]
[EventCountry "USA"]
[SourceTitle "CBM 203 Extra"]
[Source "ChessBase"]
[SourceDate "2021.09.30"]
[SourceVersion "1"]
[SourceVersionDate "2021.09.30"]
[SourceQuality "1"]

1. d4 d5 2. c4 e6 3. Nc3 a6 4. cxd5 exd5 5. Nf3 Nf6 6. Bg5 Be6 7. Bxf6 Qxf6 8. Qb3 b5 9. a4 b4 10. Nxd5 Qd8 11. e4 c6 12. Qe3 cxd5 13. exd5 Qxd5 14. Rc1 Be7 15. Bd3 Qd8 16. Be4 Nd7 17. d5 Bg4 18. d6 Rb8 19. dxe7 Qxe7 20. Nd4 f5 21. Nc6 1-0

[Event "Continental op 51st"]
[Site "Sturbridge"]
[Date "2021.08.15"]
[Round "7"]
[White "Bartell, Thomas"]
[Black "Rahul, Srivatshav P"]
[Result "1-0"]
[WhiteElo "2354"]
[BlackElo "2463"]
[PlyCount "59"]
[EventDate "2021.08.12"]
[EventType "swiss"]
[EventRounds "9"]
[EventCountry "USA"]
[SourceTitle "CBM 203 Extra"]
[Source "ChessBase"]
[SourceDate "2021.09.30"]
[SourceVersion "1"]
[SourceVersionDate "2021.09.30"]
[SourceQuality "1"]

1. d4 d5 2. Bf4 c5 3. e3 cxd4 4. exd4 Nc6 5. c3 Bf5 6. Qb3 Qd7 7. Nf3 f6 8. Nbd2 e6 9. Be2 g5 10. Bg3 h5 11. h3 Nge7 12. Nf1 Be4 13. Ne3 Nf5 14. Nxf5 exf5 15. Nd2 Bxg2 16. Rh2 Be4 17. f3 f4 18. fxe4 fxg3 19. Rg2 Bd6 20. exd5 Qxh3 21. dxc6 Kf8 22. Qd5 Qh1+ 23. Nf1 Kg7 24. Qxd6 Qxg2 25. Qe7+ Kg6 26. Bd3+ f5 27. Bxf5+ Kxf5 28. Ne3+ Kg6 29. Qe6+ Kh7 30. Qf7+ 1-0

[Event "US op 121st"]
[Site "Cherry Hill"]
[Date "2021.08.05"]
[Round "6"]
[White "Bartell, Thomas"]
[Black "Fishbein, Mitch"]
[Result "1-0"]
[WhiteElo "2354"]
[BlackElo "2099"]
[PlyCount "69"]
[EventDate "2021.07.31"]
[EventType "swiss"]
[EventRounds "9"]
[EventCountry "USA"]
[SourceTitle "CBM 203 Extra"]
[Source "ChessBase"]
[SourceDate "2021.09.30"]
[SourceVersion "1"]
[SourceVersionDate "2021.09.30"]
[SourceQuality "1"]

1. d4 Nf6 2. c4 g6 3. Nf3 Bg7 4. g3 0-0 5. Bg2 d6 6. Nc3 Nc6 7. 0-0 e5 8. d5 Nb8 9. Ne1 a5 10. e4 Na6 11. Rb1 Nc5 12. b3 Ne8 13. a3 f5 14. b4 axb4 15. axb4 Nxe4 16. Nxe4 fxe4 17. Bxe4 Nf6 18. Bg5 Bh3 19. Bg2 Qd7 20. Bxf6 Bxf6 21. Qe2 Bf5 22. Nd3 Ra3 23. Rbd1 Bxd3 24. Rxd3 Qa4 25. Rxa3 Qxa3 26. Rb1 Qc3 27. Be4 Kg7 28. h4 Qd4 29. Rd1 Qc3 30. h5 Rf7 31. hxg6 hxg6 32. Qg4 Qxc4 33. Qxg6+ Kf8 34. Ra1 Ke7 35. Qg4 1-0

[Event "World op 49th"]
[Site "Philadelphia"]
[Date "2021.07.04"]
[Round "7"]
[White "Bartell, Thomas"]
[Black "Jacobson, Brandon"]
[Result "1/2-1/2"]
[WhiteElo "2360"]
[BlackElo "2504"]
[PlyCount "40"]
[EventDate "2021.07.01"]
[EventType "swiss"]
[EventRounds "9"]
[EventCountry "USA"]
[SourceTitle "EXT 2022"]
[Source "ChessBase"]
[SourceDate "2021.10.06"]
[SourceVersion "1"]
[SourceVersionDate "2021.10.06"]
[SourceQuality "1"]

1. d4 Nf6 2. c4 e6 3. Nf3 d5 4. g3 Bb4+ 5. Bd2 a5 6. Bg2 0-0 7. Bxb4 axb4 8. Nbd2 b6 9. 0-0 Qe7 10. Ne5 Bb7 11. Qc2 c5 12. dxc5 bxc5 13. e4 d4 14. Nd3 e5 15. b3 Nbd7 16. a3 bxa3 17. Ra2 Qd8 18. Rfa1 Qa5 19. f3 Ra7 20. Nb1 Rfa8 1/2-1/2

[Event "Philadelphia int op 14th"]
[Site "Philadelphia"]
[Date "2021.06.28"]
[Round "6"]
[White "Bartell, Thomas"]
[Black "De la Colina, Nicolas"]
[Result "1-0"]
[WhiteElo "2363"]
[BlackElo "1969"]
[PlyCount "117"]
[EventDate "2021.06.26"]
[EventType "swiss"]
[EventRounds "9"]
[EventCountry "USA"]
[SourceTitle "CBM 203 Extra"]
[Source "ChessBase"]
[SourceDate "2021.09.30"]
[SourceVersion "1"]
[SourceVersionDate "2021.09.30"]
[SourceQuality "1"]

1. d4 f5 2. Nf3 Nf6 3. g3 g6 4. Bg2 Bg7 5. 0-0 0-0 6. c4 d6 7. Nc3 c6 8. d5 e5 9. dxe6 Bxe6 10. b3 Na6 11. Bb2 Qe7 12. Nd4 Bf7 13. Re1 Nc5 14. Qc2 Rfe8 15. e3 a5 16. Rad1 Rad8 17. Nf3 Nfe4 18. Nd2 Nxc3 19. Bxc3 Bxc3 20. Qxc3 Qe5 21. Qc2 Qf6 22. a3 Na6 23. Nb1 Nc7 24. Nc3 Qe5 25. h4 Kg7 26. Rd3 Re7 27. Red1 Red7 28. Na4 Re7 29. Nb6 Ne8 30. b4 axb4 31. axb4 Nf6 32. Qd2 Ne8 33. Rd4 Re6 34. e4 fxe4 35. Rxe4 Qf6 36. Rf4 Qe7 37. b5 Qc7 38. c5 d5 39. Bh3 Re7 40. bxc6 bxc6 41. Re1 Kg8 42. Ra1 Ng7 43. Rfa4 Qe5 44. Nc8 Ree8 45. Nd6 Rxd6 46. cxd6 Qxd6 47. Ra7 Re7 48. R7a6 Be6 49. Ra8+ Re8 50. Bxe6+ Qxe6 51. Qc3 Nf5 52. Rxe8+ Qxe8 53. Rc1 Ne7 54. Re1 Qf7 55. Qc5 Nf5 56. Qxc6 Kg7 57. Rb1 Kh6 58. Rb7 Qg8 59. Qf6 1-0

[Event "Dulles Cherry Blossom op"]
[Site "Dulles"]
[Date "2021.05.28"]
[Round "3"]
[White "Panchanathan, Magesh Chandran"]
[Black "Bartell, Thomas"]
[Result "1-0"]
[WhiteElo "2504"]
[BlackElo "2363"]
[PlyCount "89"]
[EventDate "2021.05.27"]
[EventType "swiss"]
[EventRounds "9"]
[EventCountry "USA"]
[SourceTitle "CBM 203 Extra"]
[Source "ChessBase"]
[SourceDate "2021.09.30"]
[SourceVersion "1"]
[SourceVersionDate "2021.09.30"]
[SourceQuality "1"]

1. d4 Nf6 2. c4 e6 3. Nf3 d5 4. g3 Be7 5. Bg2 0-0 6. 0-0 dxc4 7. Qa4 a6 8. Qxc4 b5 9. Qc2 Bb7 10. Bg5 Nbd7 11. Bxf6 Nxf6 12. Nbd2 Rc8 13. Nb3 Be4 14. Qc1 c5 15. dxc5 Qc7 16. Rd1 Bxc5 17. Nxc5 Qxc5 18. Qxc5 Rxc5 19. Rac1 Rxc1 20. Rxc1 Rd8 21. Ne5 h5 22. Bxe4 Nxe4 23. f3 Nd6 24. Nc6 Ra8 25. Rd1 Ne8 26. Rd7 Kf8 27. Ne5 f6 28. Ng6+ Kg8 29. f4 e5 30. Kf2 exf4 31. gxf4 f5 32. Kf3 Nf6 33. Rb7 Nd5 34. Nh4 Rf8 35. Rd7 Nb6 36. Ra7 Nc4 37. Rxa6 Nxb2 38. Ra5 Nc4 39. Rxb5 Nd6 40. Rb6 Rd8 41. a4 Kf7 42. a5 Nc4 43. Rb7+ Kf6 44. a6 Rd6 45. Rb4 1-0

[Event "Dulles Cherry Blossom op"]
[Site "Dulles"]
[Date "2019.05.27"]
[Round "8"]
[White "Bartell, Thomas"]
[Black "Kraai, Jesse"]
[Result "1-0"]
[WhiteElo "2351"]
[BlackElo "2492"]
[PlyCount "87"]
[EventDate "2019.05.23"]
[EventType "swiss"]
[EventRounds "9"]
[EventCountry "USA"]
[SourceTitle "CBM 190 Extra"]
[Source "ChessBase"]
[SourceDate "2019.07.15"]
[SourceVersion "1"]
[SourceVersionDate "2019.07.15"]
[SourceQuality "1"]

1. d4 Nf6 2. c4 e6 3. Nc3 Bb4 4. Qc2 0-0 5. Nf3 c5 6. dxc5 Na6 7. g3 Nxc5 8. Bg2 b6 9. 0-0 Bb7 10. Rd1 Nce4 11. Ng5 Nxc3 12. bxc3 Bxg2 13. cxb4 Bb7 14. Bb2 Re8 15. Bxf6 Qxf6 16. Qxh7+ Kf8 17. Ne4 Bxe4 18. Qxe4 Rac8 19. Qd3 Red8 20. e4 g5 21. h3 Kg7 22. Kg2 Rh8 23. Rac1 Rc7 24. Qd6 Rhc8 25. e5 Qf5 26. Qd4 Rh8 27. g4 Qg6 28. Rc3 a5 29. a3 axb4 30. axb4 Ra8 31. Re1 Rb7 32. Rf3 Kg8 33. Rf6 Qh7 34. Qe3 Qg7 35. Qe4 Rba7 36. Rd1 Rc8 37. Rd4 Rac7 38. Qd3 Qf8 39. Qd2 Qg7 40. Qd3 Qf8 41. h4 Qg7 42. h5 Qf8 43. h6 Qxb4 44. Rg6+ 1-0

[Event "Dulles Cherry Blossom op"]
[Site "Dulles"]
[Date "2019.05.25"]
[Round "4"]
[White "Bartell, Thomas"]
[Black "Paul, Justin"]
[Result "1-0"]
[WhiteElo "2351"]
[BlackElo "2217"]
[PlyCount "115"]
[EventDate "2019.05.23"]
[EventType "swiss"]
[EventRounds "9"]
[EventCountry "USA"]
[SourceTitle "CBM 190 Extra"]
[Source "ChessBase"]
[SourceDate "2019.07.15"]
[SourceVersion "1"]
[SourceVersionDate "2019.07.15"]
[SourceQuality "1"]

1. d4 Nf6 2. c4 g6 3. Nc3 Bg7 4. e4 d6 5. Nf3 0-0 6. Be2 e5 7. 0-0 Nc6 8. d5 Ne7 9. b4 a5 10. Ba3 axb4 11. Bxb4 b6 12. a4 Ne8 13. Nb5 f5 14. Nd2 Kh8 15. Bf3 Bd7 16. Ra3 Nf6 17. Re1 g5 18. exf5 g4 19. Be4 Nxe4 20. Nxe4 Rxf5 21. a5 bxa5 22. Rxa5 Rb8 23. Qd3 Ng6 24. g3 Rf3 25. Re3 Rxe3 26. Qxe3 Qf8 27. Bd2 c6 28. Nbxd6 Rb1+ 29. Kg2 Bh6 30. Qd3 Bxd2 31. Nxd2 Rd1 32. N6e4 Qh6 33. h4 Nxh4+ 34. gxh4 Qxh4 35. Qf1 Qh3+ 36. Kg1 Rxf1+ 37. Nxf1 Bf5 38. Neg3 Bd3 39. Ne3 cxd5 40. cxd5 Kg8 41. d6 Kf7 42. d7 Ke7 43. Rd5 Kd8 44. Rxd3 h5 45. Ne4 g3 46. Nxg3 Qe6 47. Ngf5 Qg8+ 48. Kf1 e4 49. Rd5 Qe6 50. Nd4 Qa6+ 51. Kg2 Qg6+ 52. Kh2 h4 53. Kh3 Qf6 54. Nef5 Qa6 55. Kh2 Qf6 56. Rd6 Qe5+ 57. Kh3 Qe6 58. Nxe6# 1-0

[Event "Dulles Cherry Blossom op"]
[Site "Dulles"]
[Date "2019.05.25"]
[Round "5"]
[White "Panchanathan, Magesh Chandran"]
[Black "Bartell, Thomas"]
[Result "1/2-1/2"]
[WhiteElo "2500"]
[BlackElo "2351"]
[PlyCount "93"]
[EventDate "2019.05.23"]
[EventType "swiss"]
[EventRounds "9"]
[EventCountry "USA"]
[SourceTitle "CBM 190 Extra"]
[Source "ChessBase"]
[SourceDate "2019.07.15"]
[SourceVersion "1"]
[SourceVersionDate "2019.07.15"]
[SourceQuality "1"]

1. Nf3 Nf6 2. c4 g6 3. g3 Bg7 4. Bg2 0-0 5. 0-0 d6 6. Nc3 Nc6 7. Rb1 a5 8. a3 e5 9. d3 h6 10. b4 axb4 11. axb4 Be6 12. Bd2 e4 13. dxe4 Bxc4 14. b5 Ne5 15. Qc1 Kh7 16. Nxe5 dxe5 17. Rd1 Qe7 18. Nd5 Nxd5 19. exd5 Ra4 20. Qc2 Rfa8 21. Be3 e4 22. b6 f5 23. Bd4 cxb6 24. d6 Qd7 25. Bxg7 Kxg7 26. Rb3 b5 27. Rxb5 Kg8 28. Rb6 Be6 29. Bf1 Ra2 30. Qb2 Qf7 31. Qe5 R2a5 32. Qc3 Rd5 33. Rdb1 Qg7 34. Qc1 Rd8 35. Rxb7 Qf8 36. Qc7 Rd7 37. Rb8 Rxc7 38. dxc7 Rc5 39. Rxf8+ Kxf8 40. Rb7 Bc8 41. Ra7 Ke7 42. e3 Kd6 43. h4 Rxc7 44. Ra8 Ke7 45. Ba6 Rc1+ 46. Kg2 Ra1 47. Rxc8 1/2-1/2

[Event "PRO League Stage"]
[Site "Chess.com INT"]
[Date "2019.03.13"]
[Round "10"]
[White "Rodrigue Lemieux, Shawn"]
[Black "Bartell, Thomas"]
[Result "0-1"]
[WhiteElo "2293"]
[BlackElo "2353"]
[PlyCount "74"]
[EventDate "2019.01.08"]
[EventType "team-swiss (rapid)"]
[EventRounds "10"]
[EventCountry "USA"]
[SourceTitle "CBM 189 Extra"]
[Source "ChessBase"]
[SourceDate "2019.06.03"]
[SourceVersion "1"]
[SourceVersionDate "2019.06.03"]
[SourceQuality "1"]
[WhiteTeam "Montreal Chessbrahs"]
[BlackTeam "Montclair Sopranos"]
[WhiteTeamCountry "CAN"]
[BlackTeamCountry "USA"]

1. e4 c6 2. d4 d5 3. exd5 cxd5 4. Bd3 Nc6 5. c3 Nf6 6. Bf4 Bg4 7. Qb3 Qc8 8. Nd2 e6 9. Ngf3 Bh5 10. 0-0 Be7 11. Rae1 a6 12. a4 Bg6 13. Bxg6 hxg6 14. h3 0-0 15. Ne5 Nxe5 16. Bxe5 Qc6 17. Bxf6 gxf6 18. g3 b5 19. axb5 axb5 20. Ra1 Ra4 21. h4 Rfa8 22. Rae1 Kg7 23. f4 b4 24. c4 dxc4 25. Qxc4 Qxc4 26. Nxc4 Rd8 27. b3 Ra7 28. h5 Rxd4 29. hxg6 Bc5 30. Kh1 Kxg6 31. f5+ exf5 32. Ne3 Re4 33. Nxf5 Rxe1 34. Nh4+ Kg5 35. Rxe1 Kg4 36. Rc1 Be3 37. Rc4+ Kh3 0-1

[Event "PRO League Stage"]
[Site "Chess.com INT"]
[Date "2019.03.06"]
[Round "9"]
[White "Sai, Krishna GV"]
[Black "Bartell, Thomas"]
[Result "0-1"]
[WhiteElo "2409"]
[BlackElo "2353"]
[PlyCount "106"]
[EventDate "2019.01.08"]
[EventType "team-swiss (rapid)"]
[EventRounds "10"]
[EventCountry "USA"]
[SourceTitle "CBM 189 Extra"]
[Source "ChessBase"]
[SourceDate "2019.06.03"]
[SourceVersion "1"]
[SourceVersionDate "2019.06.03"]
[SourceQuality "1"]
[WhiteTeam "Montreal Chessbrahs"]
[BlackTeam "Montclair Sopranos"]
[WhiteTeamCountry "CAN"]
[BlackTeamCountry "USA"]

1. e4 c6 2. Nc3 d5 3. Nf3 dxe4 4. Nxe4 Nf6 5. Nxf6+ exf6 6. d4 Bd6 7. Be2 0-0 8. 0-0 Bg4 9. h3 Bh5 10. Nh4 Bxe2 11. Qxe2 Re8 12. Qg4 Bf8 13. b3 g6 14. Bb2 Bg7 15. Rfe1 Nd7 16. Qg3 f5 17. Nf3 Qa5 18. Ne5 Nxe5 19. dxe5 Rad8 20. Re2 Rd7 21. a4 Qd8 22. Rae1 Rd1 23. Qe3 Rd5 24. Qg3 Re6 25. h4 h5 26. Qe3 b6 27. g3 Kh7 28. Qf3 Bh6 29. Bc1 Bg7 30. Bg5 Qd7 31. Bf6 Bh6 32. Bg5 Bxg5 33. hxg5 Qd8 34. Qf4 Rd4 35. Qc1 h4 36. c3 Rg4 37. Rd1 Qe7 38. Kg2 hxg3 39. Rh1+ Kg7 40. f4 Qd8 41. Rd2 Qa8 42. c4 Rxf4 43. Rd7 c5+ 44. Kh3 Qf3 45. Qd1 Qe4 46. Rxf7+ Kxf7 47. Qd7+ Re7 48. e6+ Qxe6 49. Qxe6+ Rxe6 50. Kxg3 Rg4+ 51. Kf3 Kg7 52. Rd1 Re7 53. Rd8 Rxg5 0-1

[Event "PRO League Stage"]
[Site "Chess.com INT"]
[Date "2019.01.16"]
[Round "2"]
[White "Bartell, Thomas"]
[Black "Harvey, Marcus Ross"]
[Result "0-1"]
[WhiteElo "2353"]
[BlackElo "2397"]
[PlyCount "182"]
[EventDate "2019.01.08"]
[EventType "team-swiss (rapid)"]
[EventRounds "10"]
[EventCountry "USA"]
[SourceTitle "CBM 188 Extra"]
[Source "ChessBase"]
[SourceDate "2019.02.26"]
[SourceVersion "1"]
[SourceVersionDate "2019.02.26"]
[SourceQuality "1"]
[WhiteTeam "Montclair Sopranos"]
[BlackTeam "London Lions"]
[WhiteTeamCountry "USA"]
[BlackTeamCountry "ENG"]

1. d4 Nf6 2. c4 e6 3. Nc3 Bb4 4. Qc2 0-0 5. e4 d5 6. e5 Ne4 7. Bd3 c5 8. Nf3 cxd4 9. Nxd4 dxc4 10. Bxe4 Qxd4 11. Bf4 Nc6 12. Rd1 Bxc3+ 13. bxc3 Qc5 14. Qe2 Ne7 15. 0-0 Nd5 16. Qh5 g6 17. Qf3 Nxf4 18. Qxf4 Rb8 19. Rd6 b5 20. h4 b4 21. Rc6 Qe7 22. cxb4 Rxb4 23. Rc1 Bb7 24. R6xc4 Rxc4 25. Rxc4 Bxe4 26. Qxe4 Rd8 27. g3 Qa3 28. Ra4 Qc5 29. Rc4 Qd5 30. Qf4 Qb7 31. Rc1 h5 32. a4 a5 33. Kh2 Qb4 34. Rc4 Qb3 35. Rc7 Rf8 36. Ra7 Qc3 37. Rb7 Qc6 38. Rb5 Qc3 39. Qf6 Rc8 40. Rb7 Rf8 41. Rb5 Rc8 42. Rb7 Rf8 43. Rb5 Qc7 44. Kg2 Rb8 45. Rxb8+ Qxb8 46. Kh2 Qc7 47. Kg1 Qd7 48. Qf4 Qd1+ 49. Kh2 Kf8 50. Qc4 Kg7 51. Qb5 Qd2 52. Kg2 Qb4 53. Qc6 Qd4 54. Qb5 Qc3 55. Kg1 Qe1+ 56. Kg2 Qe4+ 57. Kg1 Qe1+ 58. Kg2 Qd2 59. Kg1 Kf8 60. Qc5+ Kg8 61. Qb5 Kg7 62. Kg2 Qb4 63. Qc6 Qb2 64. Qc5 Qb7+ 65. Kg1 Qb4 66. Qc6 Qe1+ 67. Kg2 Qxe5 68. Kh2 Qd5 69. Qc3+ e5 70. Kg1 Kf6 71. Kh2 Qd4 72. Qxa5 Qxf2+ 73. Kh3 Qg1 74. Qd5 Qf1+ 75. Kh2 Qe2+ 76. Kh3 Qg4+ 77. Kh2 Qxa4 78. Qd6+ Kf5 79. Qd3+ Qe4 80. Qd7+ Kf6 81. Qd6+ Kg7 82. Qe7 Qe2+ 83. Kg1 Qe3+ 84. Kg2 Qe4+ 85. Kg1 Qf5 86. Kg2 e4 87. Kg1 Qf3 88. Qe5+ Kh7 89. Kh2 e3 90. Qc3 Qf2+ 91. Kh3 e2 0-1

[Event "PRO League Stage"]
[Site "Chess.com INT"]
[Date "2018.03.07"]
[Round "9"]
[White "Bartell, Thomas"]
[Black "Flores Rios, Mauricio"]
[Result "0-1"]
[WhiteElo "2344"]
[BlackElo "2529"]
[PlyCount "88"]
[EventDate "2018.01.18"]
[EventType "team-swiss (rapid)"]
[EventRounds "9"]
[EventCountry "USA"]
[SourceTitle "EXT 2019"]
[Source "ChessBase"]
[SourceDate "2018.10.10"]
[SourceVersion "1"]
[SourceVersionDate "2018.10.10"]
[SourceQuality "1"]
[WhiteTeam "Montclair Sopranos"]
[BlackTeam "Minnesota Blizzard"]
[WhiteTeamCountry "USA"]
[BlackTeamCountry "USA"]

1. Nf3 Nf6 2. c4 g6 3. g3 Bg7 4. Bg2 0-0 5. 0-0 d6 6. d4 c6 7. Nc3 Qa5 8. e4 e5 9. h3 Nbd7 10. Re1 exd4 11. Nxd4 Ne5 12. Bf1 Re8 13. Nb3 Qc7 14. Be3 a5 15. Nd2 h5 16. f4 Ned7 17. Bg2 b6 18. Qc2 Bb7 19. Rad1 Nc5 20. b3 Rad8 21. Bf2 Bh6 22. f5 g5 23. Be3 Qe7 24. Nf3 Nh7 25. Qc1 Bg7 26. Nxg5 Bxc3 27. Nxh7 Be5 28. f6 Qe6 29. Ng5 Qxf6 30. Rf1 Qg6 31. Nxf7 Qxg3 32. Nxe5 dxe5 33. Rxd8 Rxd8 34. Rf5 Nxe4 35. Kh1 c5 36. Qg1 Rd3 37. Rf3 Qg6 38. Kh2 h4 39. Qe1 Ng5 40. Bxg5 Bxf3 41. Bxf3 Rxf3 42. Qxe5 Qc2+ 43. Kg1 Qd1+ 44. Kg2 Qf1+ 0-1

[Event "Titled Tuesday intern op 6th June"]
[Site "Chess.com INT"]
[Date "2017.06.06"]
[Round "2"]
[White "Bartell, Thomas"]
[Black "Foisor, Sabina Francesca"]
[Result "1-0"]
[WhiteElo "2345"]
[BlackElo "2331"]
[PlyCount "81"]
[EventDate "2017.06.06"]
[EventType "swiss (blitz)"]
[EventRounds "10"]
[EventCountry "USA"]
[SourceTitle "EXT 2021"]
[Source "ChessBase"]
[SourceDate "2020.10.23"]
[SourceVersion "1"]
[SourceVersionDate "2020.10.23"]
[SourceQuality "1"]

1. d4 d5 2. c4 e6 3. Nf3 Nf6 4. Nc3 Be7 5. Bf4 0-0 6. e3 a6 7. a3 c5 8. dxc5 Bxc5 9. cxd5 Nxd5 10. Nxd5 exd5 11. Rc1 Be7 12. Nd4 Qa5+ 13. Qd2 Qxd2+ 14. Kxd2 g5 15. Bg3 h5 16. h4 g4 17. Be2 Rd8 18. Rc7 Bf6 19. Rhc1 Nc6 20. Nxc6 bxc6 21. R1xc6 Bxb2 22. Rh6 Bf5 23. Rxh5 Bg6 24. Rg5 Kf8 25. h5 Be4 26. Bxg4 Bf6 27. Rf5 Bxf5 28. Bxf5 Rab8 29. Ke2 Rb2+ 30. Kf3 Ra2 31. Rc6 Bg7 32. h6 Bh8 33. Rxa6 d4 34. Bh4 Rb8 35. exd4 Bxd4 36. h7 Kg7 37. Be4 Rb3+ 38. Kg4 Rbxa3 39. Rd6 Be5 40. Rd8 Ra4 41. h8Q# 1-0

[Event "PRO League Stage"]
[Site "Chess.com INT"]
[Date "2017.02.22"]
[Round "7"]
[White "Bartell, Thomas"]
[Black "Hambleton, Aman"]
[Result "0-1"]
[WhiteElo "2345"]
[BlackElo "2441"]
[PlyCount "82"]
[EventDate "2017.01.11"]
[EventType "team-swiss (rapid)"]
[EventRounds "7"]
[EventCountry "USA"]
[SourceTitle "EXT 2018"]
[Source "ChessBase"]
[SourceDate "2017.10.13"]
[SourceVersion "1"]
[SourceVersionDate "2017.10.13"]
[SourceQuality "1"]
[WhiteTeam "Philadelphia Inventors"]
[BlackTeam "Montreal ChessBrahs"]
[WhiteTeamCountry "USA"]
[BlackTeamCountry "CAN"]

1. d4 Nf6 2. c4 e6 3. Nf3 b6 4. g3 Ba6 5. b3 Bb7 6. Bg2 Bb4+ 7. Bd2 c5 8. 0-0 0-0 9. dxc5 Bxc5 10. Nc3 d5 11. cxd5 Nxd5 12. Ne5 Bd4 13. Bg5 Nxc3 14. Bxd8 Bxg2 15. Qxd4 Nxe2+ 16. Kxg2 Nxd4 17. Be7 Re8 18. Rfd1 Nbc6 19. Nxc6 Nxc6 20. Ba3 Red8 21. Rxd8+ Rxd8 22. Rc1 Rc8 23. Rd1 Rc7 24. Rc1 f6 25. Bd6 Rc8 26. Bb8 Kf7 27. a4 e5 28. Bd6 Ke6 29. Bf8 g6 30. Bh6 Ne7 31. Rxc8 Nxc8 32. Kf3 a6 33. Ke4 Nd6+ 34. Kd3 Kd5 35. Be3 b5 36. axb5 axb5 37. f3 Nf5 38. Bf2 Nd4 39. Bxd4 exd4 40. b4 g5 41. h3 f5 0-1

[Event "PRO League Stage"]
[Site "Chess.com INT"]
[Date "2017.02.15"]
[Round "6"]
[White "Bartell, Thomas"]
[Black "Villanueva, Mario Nicolas"]
[Result "0-1"]
[WhiteElo "2345"]
[BlackElo "2425"]
[PlyCount "88"]
[EventDate "2017.01.11"]
[EventType "team-swiss (rapid)"]
[EventRounds "7"]
[EventCountry "USA"]
[SourceTitle "CBM 176 Extra"]
[Source "ChessBase"]
[SourceDate "2017.03.02"]
[SourceVersion "1"]
[SourceVersionDate "2017.03.02"]
[SourceQuality "1"]
[WhiteTeam "Philadelphia Inventors"]
[BlackTeam "Buenos Aires Krakens"]
[WhiteTeamCountry "UAE"]
[BlackTeamCountry "ARG"]

1. d4 Nf6 2. c4 g6 3. f3 Bg7 4. e4 d6 5. Nc3 0-0 6. Be3 a6 7. Nge2 Nbd7 8. Ng3 c6 9. c5 b5 10. cxb6 Nxb6 11. Be2 a5 12. 0-0 Ba6 13. Bxa6 Rxa6 14. Qd3 Ra8 15. Kh1 Nfd7 16. Rad1 a4 17. f4 Qc8 18. Rc1 Qa6 19. Qxa6 Rxa6 20. Nb1 c5 21. dxc5 dxc5 22. e5 Nd5 23. Bd2 g5 24. fxg5 Bxe5 25. Nc3 Nxc3 26. Bxc3 Bxc3 27. Rxc3 Rb8 28. Rcf3 Ne5 29. Rf5 Re6 30. Ne4 Nc4 31. Nxc5 Ne3 32. Nxe6 fxe6 33. R5f3 Nxf1 34. Rxf1 Rxb2 35. Ra1 a3 36. h4 Rb4 37. g3 Rb2 38. Rf1 Rxa2 39. Rf3 Kg7 40. h5 e5 41. g4 e4 42. Re3 Ra1+ 43. Kg2 a2 44. Re2 Rg1+ 0-1

[Event "PRO League Stage"]
[Site "Chess.com INT"]
[Date "2017.02.15"]
[Round "6"]
[White "Tristan, Leonardo"]
[Black "Bartell, Thomas"]
[Result "1/2-1/2"]
[WhiteElo "2458"]
[BlackElo "2345"]
[PlyCount "133"]
[EventDate "2017.01.11"]
[EventType "team-swiss (rapid)"]
[EventRounds "7"]
[EventCountry "USA"]
[SourceTitle "CBM 176 Extra"]
[Source "ChessBase"]
[SourceDate "2017.03.02"]
[SourceVersion "1"]
[SourceVersionDate "2017.03.02"]
[SourceQuality "1"]
[WhiteTeam "Buenos Aires Krakens"]
[BlackTeam "Philadelphia Inventors"]
[WhiteTeamCountry "ARG"]
[BlackTeamCountry "UAE"]

1. d4 d5 2. Bf4 Nf6 3. e3 c5 4. c3 Nc6 5. Nd2 cxd4 6. exd4 Bf5 7. Qb3 Qc8 8. Ngf3 e6 9. Nh4 Bg4 10. Nhf3 Be7 11. Bd3 Bh5 12. 0-0 0-0 13. Rfe1 Bg6 14. Bxg6 hxg6 15. a4 Nh5 16. Bg5 Bd6 17. Qd1 Qc7 18. Qe2 Rfe8 19. Ne5 Nf6 20. Bf4 Nh5 21. Bg5 Nf6 22. Bf4 Nd7 23. Bg3 Nf8 24. Qg4 Nxe5 25. dxe5 Be7 26. Nf3 Qc4 27. Qxc4 dxc4 28. Re4 Rac8 29. Nd2 Nd7 30. Rxc4 Rxc4 31. Nxc4 Nc5 32. a5 Rd8 33. Nd6 Bxd6 34. exd6 f6 35. b4 Ne4 36. c4 Nxg3 37. hxg3 Rxd6 38. c5 Rd4 39. b5 Rb4 40. b6 axb6 41. cxb6 e5 42. f3 Rb5 43. Rc1 Rxa5 44. Rc7 Rb5 45. Rxb7 f5 46. g4 fxg4 47. fxg4 g5 48. Kf2 Kh7 49. Kf3 Rb4 50. g3 Kg6 51. Rb8 Kh7 52. b7 Kg6 53. Ke3 e4 54. Kd2 Kf7 55. Ke3 Kg6 56. Ke2 Kf7 57. Kd2 Rb3 58. Kc2 Rb6 59. Kc3 e3 60. Kd3 Rb3+ 61. Ke2 Kg6 62. Kf3 Kf7 63. Ke2 Kg6 64. Kf3 Kf7 65. Ke2 Kg6 66. Kf3 Kf7 67. Ke2 1/2-1/2

[Event "PRO League Atlantic"]
[Site "Chess.com INT"]
[Date "2017.01.25"]
[Round "3"]
[White "Barbosa, Oliver"]
[Black "Bartell, Thomas"]
[Result "1-0"]
[WhiteElo "2518"]
[BlackElo "2345"]
[PlyCount "67"]
[EventDate "2017.01.11"]
[EventType "team-swiss (rapid)"]
[EventRounds "7"]
[EventCountry "USA"]
[SourceTitle "CBM 176 Extra"]
[Source "ChessBase"]
[SourceDate "2017.03.02"]
[SourceVersion "1"]
[SourceVersionDate "2017.03.02"]
[SourceQuality "1"]
[WhiteTeam "New York Knights"]
[BlackTeam "Philadelphia Inventors"]
[WhiteTeamCountry "USA"]
[BlackTeamCountry "UAE"]

1. d4 d5 2. Nf3 Nf6 3. c4 c6 4. e3 Bf5 5. Nc3 e6 6. Nh4 Be4 7. f3 Bg6 8. Qb3 Qc7 9. Bd2 Be7 10. Rc1 Nbd7 11. Nxg6 hxg6 12. g3 a6 13. Kf2 dxc4 14. Bxc4 b5 15. Be2 c5 16. a4 c4 17. Qc2 Qb6 18. Kg2 0-0 19. h4 e5 20. Rcd1 exd4 21. exd4 Rfe8 22. Ne4 Qxd4 23. Bc3 Qb6 24. h5 Nxe4 25. fxe4 Nf8 26. h6 Bf6 27. hxg7 Bxg7 28. Qd2 Rad8 29. Qf4 Rxd1 30. Bxd1 Ne6 31. Qh4 Nd4 32. axb5 axb5 33. Qh7+ Kf8 34. Bb4+ 1-0